Представление документа в формате MARC21

Поле Инд. ПП Название Значение
Тип записи a
Библиографический уровень m
001 Контрольный номер 295eb4b8-15c7-4b56-a164-fb75dc6430de
005 Дата корректировки 20131112033420.5
008 Кодируемые данные 010710s1983 rur a 000u 0rus d
020 a ISBN В пер.
c Цена, тираж 1.70
040 a Служба первич. каталог. RU-RKP
a Служба первич. каталог. НБ ТвГУ
041 a Код языка текста rus
080 a Индекс УДК 512.817
084 a Индекс другой классификации/Индекс ББК В148
a Индекс другой классификации/Индекс ББК В144.12
090 x Авторский знак А76
a Полочн. индекс В148
100 1_ a Автор Апанасов Борис Николаевич
245 00 a Заглавие Дискретные группы преобразований и структуры многообразий
c Ответственность Б. Н. Апанасов; АН СССР, Сиб. отд-ние, Ин-т математики
260 0_ a Место издания Новосибирск
b Издательство Наука
c Дата издания 1983
300 a Объем 242 с.
b Иллюстрации/ тип воспроизводства ил.
c Размеры 21 см
504 a Библиография Библиогр.: с.234-242.
650 a Основная рубрика Группы преобразований [мат.]
650 a Основная рубрика Многообразия [мат.]
852 t Порядковый номер экземпляра 1
p Инвентарный номер 517485
999 a Подразделение 2 Фил3